Las leyes limitadoras de las manumisiones en época augustea

Gorde:
Xehetasun bibliografikoak
Egile nagusia: Rodríguez Alvarez, Luis (Egilea)
Formatua: Liburua
Hizkuntza:gaztelania
Argitaratua: Oviedo Universidad de Oviedo 1978
Gaiak:
Etiketak: Etiketa erantsi
Etiketarik gabe, Izan zaitez lehena erregistro honi etiketa jartzen!

MARC

LEADER 00000nam a2200000 a 4500
001 UCR1673
003 CL-VaPUC
008 971219e19780000SP |||||||||||||||||spa|d
082 0 4 |a 340.54  |b ROD  |2 21 
100 0 |a Rodríguez Alvarez, Luis  |e author  |9 399009 
245 1 4 |a Las leyes limitadoras de las manumisiones en época augustea 
300 |a 229 p 
942 |c BK 
945 |d 19971219 00:00:00  |a aolguin 
260 |a Oviedo  |b Universidad de Oviedo  |c 1978 
650 0 |a Derecho romano  |9 255930 
650 7 |a MANUMISION  |2 CL-VaPUC  |9 397682 
650 7 |a SITUACION ECONOMICA  |2 CL-VaPUC  |9 398312 
650 7 |a SITUACION SOCIAL  |2 CL-VaPUC  |9 399010 
650 0 |a Agricultura  |9 255598 
650 0 |a Comercio  |9 255341 
650 7 |a INDUSTRIA  |2 CL-VaPUC  |9 315110 
650 7 |a FORTUNAS  |2 CL-VaPUC  |9 399011 
650 0 |a Responsabilidad del estado  |9 258115 
650 7 |a PROPIEDAD AGRARIA  |2 CL-VaPUC  |9 370068 
650 7 |a LATIFUNDIOS  |2 CL-VaPUC  |9 322398 
650 0 |a Esclavos  |9 258558 
650 7 |a SITUACION POLITICA  |2 CL-VaPUC  |9 399012 
650 7 |a CLASIFICACION  |2 CL-VaPUC  |9 269795 
650 7 |a ORIGEN  |2 CL-VaPUC  |9 373505 
650 0 |a Censo  |9 336842 
650 0 |a Testamento  |9 258220 
650 0 |a Derecho pretorio  |9 397582 
650 7 |a LEGISLACION  |2 CL-VaPUC  |9 399013 
651 7 |a IMPERIO ROMANO  |2 CL-VaPUC  |9 399014 
583 |a last modification  |c 19971219 00:00:00  |k Rodrigo Vera 
999 |c 265040  |d 265038 
952 |0 0  |1 0  |4 0  |6 340_540000000000000_ROD_1978  |7 0  |8 DER_ROM  |9 295820  |a BIBDER  |b BIBDER  |d 2019-11-20  |i 1918435  |o 340.54 ROD 1978  |p 1918435  |r 2023-01-25  |w 2019-11-20  |x Ubicación 4to piso  |y BK  |z Este recurso debe solicitarse con anticipación  |k DER